Pretty Little Liars - Statistics

General Stats
  • This quiz has been taken 349 times
  • The average score is 17 of 21
Answer Stats
Hint Answer % Correct
Locked in a box with Garrett Reynolds Aria Montgomery
98%
Her Girlfriend was murdered Emily Fields
93%
Buried Alive by her Mother Alison Dilaurentis
92%
Played by Tyler Blackburn Caleb Rivers
91%
Mary Drake's Second child Spencer Hastings
90%
Joins the A team in season 3 Toby Cavanaugh
90%
Revealed as A in season 2 finale Mona Wanderwaal
89%
Blinded by a prank that went wrong Jenna Marshal
88%
Attempted to drown Emily Paige McCullers
86%
Arias Brother's name Mike Montgomery
85%
The girl in Alison's Grave Bethany Young
84%
The Girls' English Teacher Ezra Fitz
84%
The liar that kissed Aria's brother Hanna Marin
83%
Kidnapped by Noel Khan Hanna Marin
81%
Pushed from a bell tower in the season 1 finale Ian Thomas
79%
Murdered by Aria Montgomery Shana Fring
74%
Has had 3 Identities Charlotte Dilaurentis/ Charles Dilauentis/ CeCe Drake
70%
Buried Bethany Young alive Melissa Hastings
68%
Found Dead in a shower Sara Harvey
64%
'The Nut House' Radley Sanitarium
57%
Murdered by CeCe Drake Darren Wilden
53%
No matching quizzes found
Score Distribution
Percent of People with Each Score
Percentile by Number Answered
Your Score History
You have not taken this quiz